Small and Medium-sized Enterprises – Progress and Impact in National Economics of Slovak Republic – Changes of Economic Tools in 2013 – 2015 Period

Zmena ekonomických podmienok a rozvoj malých a stredných podnikov (MSP) na Slovensku po roku 1989. Integrácia v Európskej únii a nové obchodné a podnikateľské koncepty v podnikaní malých a stredných podnikov. Zmeny pre MSP od roku 2016.

Gespeichert in:
Bibliographische Detailangaben
1. Verfasser: Strážovská, Helena
Format: Buchkapitel
Sprache:Englisch
Schlagworte:
Tags: Tag hinzufügen
Keine Tags, Fügen Sie das erste Tag hinzu!

MARC

LEADER 00000nla a2200000 4500
001 0214726
005 20240502083539.5
041 0 |a eng 
044 |a US 
245 1 0 |a Small and Medium-sized Enterprises – Progress and Impact in National Economics of Slovak Republic – Changes of Economic Tools in 2013 – 2015 Period  |c Helena Strážovská 
520 |a Zmena ekonomických podmienok a rozvoj malých a stredných podnikov (MSP) na Slovensku po roku 1989. Integrácia v Európskej únii a nové obchodné a podnikateľské koncepty v podnikaní malých a stredných podnikov. Zmeny pre MSP od roku 2016. 
610 2 0 |a politika podnikania 
610 2 0 |a podnikanie malé 
610 2 0 |a podnikanie stredné 
610 2 0 |a prostredie podnikateľské 
610 2 0 |a stratégia podnikateľská 
610 2 0 |a podnik malý 
610 2 0 |a podnik stredný 
610 2 0 |a Slovensko 
610 2 0 |a história 
100 1 |a Strážovská, Helena